MARC

Tag First Indicator Second Indicator Subfields
LEADER 00000cam a2200000M 4500
001 in00004635176
006 m o d
007 cr |||||||||||
008 180121s2013 xx o 000 0 por d
005 20230103223416.1
035 |a (OCoLC)on1020030038 
040 |a YDX  |b eng  |e pn  |c YDX  |d JSTOR  |d OCLCF  |d OCLCA  |d OCLCQ  |d VT2  |d K6U  |d OCLCO 
019 |a 1020075985  |a 1297653834 
020 |a 8575415344  |q (electronic bk.) 
020 |a 9788575415344  |q (electronic bk.) 
035 |a (OCoLC)1020030038  |z (OCoLC)1020075985  |z (OCoLC)1297653834 
037 |a 22573/ctt1zn2bh7  |b JSTOR 
043 |a s-bl--- 
050 4 |a RA463  |b .E86 2013eb 
082 0 4 |a 362.10981  |2 23 
049 |a TXAM 
245 0 0 |a Estigma e saúde /  |c Simone Monteiro, Wilza Villela, organizadoras. 
260 |a [Place of publication not identified],  |b SCIELO EDITORA FIOCRUZ,  |c 2013. 
300 |a 1 online resource 
336 |a text  |b txt  |2 rdacontent 
337 |a computer  |b c  |2 rdamedia 
338 |a online resource  |b cr  |2 rdacarrier 
505 0 |a Interseções entre estigma, preconceito e discriminação na saúde pública mundial / Richard Parker -- Discriminação, violência simbólica e a estratégia saúde da família : reflexões a partir do texto de Richard Parker / Octavio Bonet -- A produção acadêmica recente sobre estigma, discriminação, saúde e Aids no Brasil / Simone Monteiro, Wilza Villela, Carla Pereira e Priscilla Soares -- Ciência e sociedade na produção e reprodução de estigmas e discriminação / Daniela Riva Knauth -- Da persistência das metáforas : estigma e discriminação & HIV/Aids / Francisco Inácio Bastos -- Fragilidades teórico-metodológicas na produção acadêmica brasileira sobre estigma em Aids / Ivan França Jr. e Eliana Miura Zucchi -- Aspectos conceituais e metodológicos das relações entre discriminação e saúde em estudos epidemiológicos / João Luiz Bastos e Eduardo Faerstein -- Epidemiologia e ciências sociais e humanas : discutindo a relação / Kenneth Rochel de Camargo Jr. -- Discriminação, políticas e direitos sexuais no Brasil / Sérgio Carrara -- Estigma e vulnerabilidade em saúde indígena : a prática Mbyá do 'esperar troquinho' no centro de Porto Alegre, RS / Luciana Ouriques Ferreira -- Estigma e preconceito : um animal ou dois? / Jo Phelan, Bruce Link e John Dovidio. 
520 8 |a Annotation  |b Estigma é definido como um atributo negativo ou depreciativo, que torna o sujeito diferente, diminuído ou possuidor de uma desvantagem. Mas o problema vai além: o estigma é também um dos processos sociais que reduzem o acesso à saúde por parte dos indivíduos e grupos afetados. No caso da Aids e do sofrimento mental, o estigma é, reconhecidamente, um dos maiores empecilhos aos avanços das políticas e ações que buscam garantir os direitos de seus portadores à dignidade e à cidadania. Aprofundar a análise dessas questões é o objetivo desta coletânea, que reúne dez capítulos, assinados por autores brasileiros e norte-americanos. Eles fazem alertas sobre os meandros da estigmatização e as formas de eliminá-la, buscando conexões entre as pesquisas acadêmicas e as práticas dos serviços de saúde. 
650 0 |a Public health  |x Social aspects  |z Brazil. 
650 0 |a AIDS (Disease)  |x Social aspects  |z Brazil. 
650 0 |a Stigma (Social psychology)  |z Brazil. 
650 0 |a Discrimination  |z Brazil. 
650 6 |a Sociologie de la santé  |z Brésil. 
650 6 |a Sida  |x Aspect social  |z Brésil. 
650 6 |a Stigmatisation (Psychologie sociale)  |z Brésil. 
650 7 |a AIDS (Disease)  |x Social aspects.  |2 fast  |0 (OCoLC)fst00793952 
650 7 |a Discrimination.  |2 fast  |0 (OCoLC)fst00894985 
650 7 |a Public health  |x Social aspects.  |2 fast  |0 (OCoLC)fst01082307 
650 7 |a Stigma (Social psychology)  |2 fast  |0 (OCoLC)fst01133365 
651 7 |a Brazil.  |2 fast  |0 (OCoLC)fst01206830 
655 7 |a Electronic books.  |2 local 
710 2 |a JSTOR (Organization) 
856 4 0 |u https://www.jstor.org/stable/10.7476/9788575415344  |z Connect to the full text of this electronic book  |t 0 
955 |a JSTOR Open Access ebooks 
994 |a 92  |b TXA 
999 f f |s 712c38bd-ca69-458f-a4c5-c5aa31e7161e  |i 7a58b562-68c2-463d-a46c-23cd3cddb4a7  |t 0 
952 f f |a Texas A&M University  |b College Station  |c Electronic Resources  |d Available Online  |t 0  |e RA463 .E86 2013eb  |h Library of Congress classification 
998 f f |a RA463 .E86 2013eb  |t 0  |l Available Online